|
|
|
|
| LEADER |
00742nam a22001811a 4500 |
| 020 |
|
|
|a 9788126402519
|
| 082 |
|
|
|a M 320.954
|b PYL/I
|
| 100 |
|
|
|a Pylee M V
|9 139713
|
| 245 |
|
|
|a Indian rashtreeyathile noothana pravanathakal/
|c by Pylee M V
|
| 260 |
|
|
|a Kottayam:
|b D C Books,
|c 2001.
|
| 300 |
|
|
|a 71p.
|
| 650 |
|
|
|a Politics India
|9 139714
|
| 650 |
|
|
|a Political Science
|9 139715
|
| 650 |
|
|
|a Social Sciences
|9 139716
|
| 942 |
|
|
|c BK
|
| 999 |
|
|
|c 19793
|d 19793
|
| 952 |
|
|
|0 0
|1 0
|4 0
|6 M_320_954000000000000_PYL_I
|7 0
|9 27892
|a SSUS
|b SSUS
|d 2015-01-08
|g 30.00
|o M 320.954 PYL/I
|p 031593
|r 2015-01-08
|v 0.00
|w 2015-01-08
|y BK
|
| 952 |
|
|
|0 0
|1 0
|4 0
|6 M_320_954000000000000_PYL_I
|7 0
|9 27893
|a SSUS
|b SSUS
|d 2015-01-08
|g 30.00
|o M 320.954 PYL/I
|p 043699
|r 2015-01-08
|v 0.00
|w 2015-01-08
|y BK
|